Ekstraklasowe kółko i krzyżyk vol.3 - Statystyki

Ogólne statystyki
  • Ten quiz został rozwiązany 127 razy
  • Średni wynik to 4 z 9
Statystyki odpowiedzi
Hint Odpowiedź % Poprawnych
Raków/Chorwacja Rodin | Crnac | Arsenic | Tudor
76%
Lech/Łotwa Rakels | Rudnevs
74%
Raków/Łotwa Gutkovskis
59%
Lech/Chorwacja Baturina | Malenica | Milic | Muhar | Situm | Turina | Golik
54%
Lech/Gruzja Tsitaishvili | Kvekveskiri | Kacharava
54%
Jaga/Chorwacja Puljic | Arsenic | Runje
46%
Raków/Gruzja Gvilia | Gagnidze
32%
Jaga/Łotwa Steinbors | Tarasovs | Savalnieks
28%
Jaga/Gruzja Popkhadze | Dzalamidze | Giagauri
24%
Nie znaleziono quizów pasujących do podanych kryteriów
Rozkład punktacji
Procent ludzi z każdym wynikiem
Percentyl według liczby udzielonych odpowiedzi
Twoja historia wyników
Nie rozwiązałeś tego quizu